00978nab a2200217 4500003001000000005001700010008004100027040001400068041000800082100005600090245005500146260003500201300001300236500026600249650003100515650003600546650003700582650002600619650002200645773009300667AR-RoBPED20260429135025.0260429b |||||||| |||| 00| 0 spa d aAR-RoBPED aspa1 aMagnin, Laura A.eLicenciada en Educación Inicial1 aExperiencias lúdicas en la formación docente / aBuenos Aires :bNoveduc,c2023 a11-13 p. aLa autora destaca la importancia del juego a lo largo de la vida y particularmente se detiene en la educación inicial. También sostiene que es fundamental en el proceso de formación de los docentes animarse a jugar y descubrir diferentes tipos de juegos.  7aEXPERIENCIAS EDUCACIONALES 7aPROCESO ENSEÑANZA-APRENDIZAJE 7aEDUCACION DE LA PRIMERA INFANCIA 7aFORMACION DE DOCENTES 7aJUEGOS EDUCATIVOS0 020414dBuenos Aires : Noveduc, 1993-tNovedades Educativasw(AR-RoBPED)20414x03283534